| 000 | 00853nam a2200241 a 4500 | ||
|---|---|---|---|
| 001 | 000038980 | ||
| 005 | 20260120073951.0 | ||
| 008 | 130509s2013 dr 000 0 spa d | ||
| 020 | _a9789945888003 | ||
| 040 |
_aDO-SdBNP _bspa _cBNPHU |
||
| 082 |
_a264.1 _bH557e |
||
| 100 | 1 |
_aHernández Almánzar, Jacqueline Isabel, _d1981- _965230 |
|
| 245 | 1 | 0 |
_aEn el orden de Dios : _bpor que en el orden de Dios todo sale mejor / _cJacqueline Hernández. |
| 260 |
_aSanto Domingo : _bIdeal Print, _c2013. |
||
| 300 |
_a382 p. ; _c23 cm. |
||
| 500 | _aIncluye datos biografícos de la autora en la solapa de la contracubierta. | ||
| 590 | _aInventariado, 2018/ YL | ||
| 650 | 0 |
_aVida cristiana _9668 |
|
| 650 | 0 |
_aVida espiritual _9268 |
|
| 650 | 4 |
_aEjercicios espirituales _98168 |
|
| 650 | 4 |
_aOraciones _954499 |
|
| 910 | _aValidado. Control de calidad EMS. | ||
| 999 |
_c38470 _d38470 |
||